000 00365cam a2200145ua 4500
003 OSt
008 250602b |||||||| |||| 00| 0 eng d
041 _aeng
082 _a624.171
_bJUN/ME
100 _aJunnarkar, S B.
_9536
245 _aMechanics of structures vol-3 /
260 _aMumbai :
_bVivek Publishers Pvt Ltd ,
_c1962.
300 _a275 ; .
942 _cBK
999 _c9047
_d9047